storia del mondo generale 1# - Statistics

Statistiche generali
  • Questo quiz è stato fatto 66 volte
  • Il punteggio medio è 2 su 20
Statistiche sulle risposte
Suggerimento Risposta % Corretto
nome dell'avvenimento nella domandaprecedente Big Bang
95%
n° di corna del triceratopo 3
32%
un famoso dinosauro carnivoro tirannosauro
31%
cosa diede fine ai dinosauri? meteorite
24%
un famoso dinosauro erbivoro noto per le corna triceratopo
24%
come si chiama il periodo tra il 300.000.000 A.C. al 65.000.000 A.C. mesozoico
10%
un famoso dinosauro erbivoro notoper il collo brachiosauro
8%
i dinosauri che dominarono il giurassico (tipo)es. carnivori erbivori
7%
dinosauro carnivoro nemico del tirannosauro allosauro
5%
epoca dove nacquero piante con fiori e frutti cretaceo
5%
Anno della nascita dell'universo 13.000.000.000 A.C. c.a.
2%
quando nacque il tirannosauro? 66.000.000 A.C. c.a.
2%
inizia il cretaceo 107.000.000 A.C. c.a.
0%
anno di inizio del giurassico 200.000.000 A.C. c.a.
0%
inizia il triassico (e i dinosauri) 300.000.000 A.C. c.a.
0%
la terra ha le prime forme di vita (anno) 3.500.000.000 A.C. c.a.
0%
anno di nascita della terra 4.000.000.000 A.C. c.a.
0%
nascita del sole (anno) 4.500.000.000 A.C. c.a.
0%
quando finì il cretaceo? 65.000.000 A.C. c.a.
0%
nascono piante e animali sulla terraferma 700.000.000 A.C. c.a.
0%
Nessun quiz corrispondente trovato
Distribuzione punteggi
Percentuale di utenti per punteggio
Percentile per numero di risposta
I tuoi punteggi nel tempo
Non hai fatto questo quiz